000 00887nam a22001937a 4500
999 _c63967
_d63967
005 20251125233104.0
008 s2554 th ||||| |||| 00| 0 tha d
040 _aNALT
090 _aKB32 ส226ร 2553
245 1 0 _aรวมกฎหมายประจำปี พุทธศักราช 2553
260 3 _aกรุงเทพฯ :
_bสำนักกฎหมาย สำนักงานเลขาธิการสภาผู้แทนราษฎร,
_c2554
300 _a624 หน้า ;
_b 30 ซม.
610 _aสำนักงานเลขาธิการวุฒิสภา. สำนักกฎหมาย
650 0 4 _aกฎหมาย -- ไทย -- 2553
850 _aNALT
856 4 0 _uhttps://hdl.handle.net/20.500.14156/555955
942 _cLB
_2lcc